Els pobres, Jesús i l'Eglesia / (Record no. 71187)

MARC details
000 -LEADER
campo de control de longitud fija 00772nam a2200229 i 4500
001 - NÚMERO DE CONTROL
campo de control 71187
003 - IDENTIFICADOR DE NÚMERO DE CONTROL
campo de control ES-MaACL
005 - FECHA Y HORA DE LA ÚLTIMA TRANSACCIÓN
campo de control 20250727034607.0
007 - CAMPO FIJO DE DESCRIPCIÓN FÍSICA--INFORMACIÓN GENERAL
campo de control de longitud fija t|
008 - DATOS DE LONGITUD FIJA--INFORMACIÓN GENERAL
campo de control de longitud fija 040806s1963 sp ||||1| cat d
100 1# - ENTRADA PRINCIPAL--NOMBRE DE PERSONA
Nombre de persona Gauthier, Paul.
9 (RLIN) 56037
245 14 - MENCIÓN DEL TÍTULO
Título Els pobres, Jesús i l'Eglesia /
Mención de responsabilidad, etc. Paul Gauthier ; proleg del Cardenal Gerlier ; [traductor Oriol Mª Divi].
260 ## - PUBLICACIÓN, DISTRIBUCIÓN, ETC.
Lugar de publicación, distribución, etc. Barcelona :
Nombre del editor, distribuidor, etc. Estela,
Fecha de publicación, distribución, etc. 1963.
300 ## - DESCRIPCIÓN FÍSICA
Extensión 150 p. ;
Dimensiones 20 cm.
490 1# - MENCIÓN DE SERIE
Mención de serie Col-leccio "Concili Vatica II" ;
Designación de volumen o secuencia 9
650 #7 - PUNTO DE ACCESO ADICIONAL DE MATERIA--TÉRMINO DE MATERIA
Término de materia o nombre geográfico como elemento de entrada Iglesia y problemas sociales
Fuente del encabezamiento o término embne
9 (RLIN) 13569
700 1# - ENTRADA AGREGADA--NOMBRE PERSONAL
Nombre de persona Divi, Oriol Mª.
9 (RLIN) 44893
700 1# - ENTRADA AGREGADA--NOMBRE PERSONAL
Nombre de persona Gerlier, Pierre Marie.
9 (RLIN) 56460
830 0# - PUNTO DE ACCESO ADICIONAL DE SERIE-TÍTULO UNIFORME
Título uniforme Col-leccio "Concili Vatica II" ;
Designación de volumen o secuencia 9
9 (RLIN) 229985
852 ## - LOCALIZACIÓN
Ubicación ES-MaACL
Número de control de estantería C-25039
Sublocalización o colección R.53808
Holdings
Estatus retirado Estado de pérdida Estado de daño No para préstamo Biblioteca de origen Biblioteca actual Ubicación en estantería Fecha de adquisición Fuente de adquisición Total de préstamos Signatura topográfica completa Código de barras Visto por última vez Precio de reemplazo Tipo de ítem Koha
        Biblioteca del Ateneo de Madrid Biblioteca del Ateneo de Madrid Depósito 2 17/01/2008     C-25039 1074537 23/02/2023 23/02/2023 Libro impreso